000 01003nac a22003257a 4500
001 BR0301302
003 BR-BrBNA
005 20240105122757.0
008 230509b bl.|||m| |||| 00| 0 por d
040 _aBR-BrBNA
_bpor
_cBiblioteca Nacional de Agricultura
072 _aP40
090 _aP40 BR0301302
100 1 _aBastos, E.A.
100 1 _aRodrigues, B.H.N.
100 1 _aAndrade Júnior, A.S. de
100 1 _aMedeiros, R.M. de
110 1 _aEMBRAPA Meio-Norte, Teresina, PI (Brasil)
245 1 _aBoletim Agrometeorológico do ano de 2000 para o município de Parnaíba, PI
260 3 _aTeresina, PI (Brasil):
_c2001.
300 _a37 p.
490 _aDocumentos - EMBRAPA Meio-Norte (Brazil)
_vno. 61
_xISSN 0104-866X
500 _a12 tables; 8 illus.
650 _aMETEOROLOGIA
650 _aCLIMATOLOGIA
650 _aUMIDADE RELATIVA
650 _aEVAPOTRANSPIRAÇÃO
650 _aPIAUÍ
909 _a202312
_bLúcia Elande
_c55
_dLúcia Elande
942 _2AGRIS
_n0
_cMS
999 _c292770
_d292770